000 00713nam a2200193Ii 4500
003 JO-AjNU
008 230605s9999||||xx |||||||||||||| ||und||
040 _aJO-AjNU
_bara
_erda
_cJO-AjNU
041 _aara
050 1 4 _aPJ7580.N2 1974
100 3 _aإبراهيم،نبيلة,
_eauthor
_914183
245 0 0 _aقصصنا الشعبي: من الرومانسية إلى الواقعية
264 3 1 _aالقاهرة:دار الفكر العربي،1974
300 _a214ص
336 _atext
_btxt
_2rdacontent
337 _aunmediated
_bn
_2rdamedia
338 _avolume
_bnc
_2rdacarrier
650 4 _a القصص الشعبية العربية - الأدب الشعبي العربي - تاريخ ونقد 
_914184
999 _aA3722
_c7290
_d7290